The Sims 4 General Knowledge Quiz #2 - Statistics

General Stats
  • This quiz has been taken 283 times
  • The average score is 4 of 11
Answer Stats
Question Answer % Correct
How many sims can you have in one household? 8
99%
How many animal species can you get with the Cats and Dogs EP? 2
62%
How many EPs have been released so far? (Dec 7,2018) 6
58%
What cheat is needed to be able to move objects freely and intersect them with others? bb.moveobjects
55%
How many worlds (excluding vacation worlds) are there? (February 7th 2019) 9
52%
What do you need to type in to open up the cheat window? Ctrl Shift C
35%
What was the 4th EP to be released? Cats and Dogs
31%
What was the 2nd GP to be released? Spa Day
24%
Complete the townie name:Clara ________ Bjergsen
13%
When was Get Famous released? November 16
3%
What free update was released in February of 2019? Lunar New Year items
0%
No matching quizzes found
Score Distribution
Percent of People with Each Score
Percentile by Number Answered
Your Score History
You have not taken this quiz